LEADER 02775oam 2200649zu 450 001 9910975132203321 005 20251116234100.0 010 $a1-57181-800-6 010 $a1-57181-799-9 024 7 $a2027/heb08716 035 $a(CKB)2560000000322466 035 $a(SSID)ssj0001135423 035 $a(PQKBManifestationID)12464915 035 $a(PQKBTitleCode)TC0001135423 035 $a(PQKBWorkID)11095676 035 $a(PQKB)10750366 035 $a(MiAaPQ)EBC6144700 035 $a(dli)HEB08716 035 $a(MiU) MIU01100000000000000000862 035 $a(MiU)MIU01100000000000000000862 035 $a(BIP)6407217 035 $a(EXLCZ)992560000000322466 100 $a20160829d2000 uy 101 0 $aeng 135 $aurmnummmmuuuu 181 $ctxt 182 $cc 183 $acr 200 00$aAnthropologists in a wider world : essays on field research 210 31$a[Place of publication not identified]$cBerghahn Books$d2000 215 $a1 online resource (xiv, 310 p. ) $cill. 225 0 $aMethodology and history in anthropology Anthropologists in a wider world 300 $aBibliographic Level Mode of Issuance: Monograph 320 $aIncludes bibliographical references (p. 275-294) and index. 330 $aA dozen papers reflect the newer perspective of studying historical patterns, wider regions, and global networks beyond traditional anthropological fieldwork. New wave scholars reflect on their field and desk experiences and may let the field come to them; e.g., an ethnomusicologist studies the fieldwork of others and observes non- Western performances in a British museum. Includes bandw photos of authors' studies and a substantial bibliography. The editors and contributors are from the U. of Oxford, where the social and cultural anthropology department held a 1997 seminar on the teaching of methods on which this volume is based. Annotation copyrighted by Book News Inc., Portland, OR 410 0$aMethodology and history in anthropology ;$vv. 7. 606 $aAnthropology$xFieldwork 606 $aAnthropology$xResearch 606 $aAnthropology$xMethodology 606 $aAnthropology$2HILCC 606 $aSocial Sciences$2HILCC 606 $aAnthropology - General$2HILCC 615 0$aAnthropology$xFieldwork. 615 0$aAnthropology$xResearch. 615 0$aAnthropology$xMethodology. 615 7$aAnthropology 615 7$aSocial Sciences 615 7$aAnthropology - General 676 $a301/.07/23 702 $aDresch$b Paul 702 $aParkin$b David J.$f1940- 702 $aJames$b Wendy 801 0$bPQKB 906 $aBOOK 912 $a9910975132203321 996 $aAnthropologists in a wider world : essays on field research$94430494 997 $aUNINA